Helping/Linking Verbs - Statistics

General Stats
  • This quiz has been taken 4 times
  • The average score is 21 of 23
Answer Stats
First Letter Answer % Correct
A Am
100%
A Are
100%
B Be
100%
B Been
100%
C Can
100%
C Could
100%
D Did
100%
D Do
100%
D Does
100%
H Had
100%
H Have
100%
I Is
100%
M May
100%
M Might
100%
S Should
100%
W Will
100%
W Would
100%
B Being
75%
H Has
75%
S Shall
75%
W Was
75%
W Were
75%
M Must
50%
No matching quizzes found
Score Distribution
Percent of People with Each Score
Percentile by Number Answered
Your Score History
You have not taken this quiz